000 00264nam a2200097Ia 4500
005 20251222114353.0
008 251222s1900||||xx |||||||||||||| ||spa||
082 _aDVD0120/F84/1960/Ej.3
245 0 _aFerenc Fricsay: in rehearsal-bei der probe in concert
942 _cDVD
999 _c1316
_d1316